Normal view
MARC view
Entry Personal Name
001 - CONTROL NUMBER
- control field: 260553
003 - CONTROL NUMBER IDENTIFIER
- control field: OSt
005 - DATE AND TIME OF LATEST TRANSACTION
- control field: 20260407155236.0
008 - FIXED-LENGTH DATA ELEMENTS
- fixed length control field: 260407|| aca||aabn | a|a d
040 ## - CATALOGING SOURCE
- Original cataloging agency: OSt
- Transcribing agency: OSt
100 ## - HEADING--PERSONAL NAME
- Personal name: SINHA (Surendrnath).
- Dates associated with a name: सिन्हा (सुरेंद्रनाथ)
670 ## - SOURCE DATA FOUND
- Source citation: Work cat.: (OSt)108156: SINHA (Surendrnath). सिन्हा (सुरेंद्रनाथ), Prasad ke kavy aur natak darshanik stroth, 1990